000 00230nam a22001097a 4500
082 _a621.1CHH
100 _aChhalotra
245 _aElectrical Engineering Machines
260 _aDehli
_bKhana
_c1984
300 _a507
942 _cBK
999 _c13495
_d13495